000 00945nmc a2200325 a 4500
003 AR-BaBNM
005 20251128211721.0
008 226020s2001 ||||||||||||||000 | spa||
020 _a950-46-1038-2
040 _cAR-BaBNM
100 1 _aFilmus, Daniel
245 1 0 _aCada vez más necesaria, cada vez más insuficiente
_bescuela media y mercado de trabajo en épocas de globalización
260 _aBuenos Aires
_bSantillana
_c2001
300 0 _a222 p.
_bgráfs., tablas
490 0 _aAula XXI
650 4 _aPOLITICA EDUCATIVA
650 4 _aMERCADO DE TRABAJO
650 4 _aECONOMIA DE LA EDUCACION
650 4 _aEDUCACION Y EMPLEO
650 4 _aSOCIOLOGIA DE LA EDUCACION
650 4 _aESTUDIANTES
650 4 _aDATOS ESTADISTICOS
651 4 _aArgentina
653 0 _aEDUCACION SECUNDARIA
700 1 _aKaplan, Carina
700 1 _aMiranda, Ana
700 1 _aMoragues, Mariana
942 _cBK
998 _cme-solo cat
999 _c20836
_d20836